المدخل إلى دراسة المذاهب الفقهية / (رقم التسجيلة. 24889)

تفاصيل مارك
000 -LEADER
fixed length control field 00546nam a22001817a 4500
005 - DATE AND TIME OF LATEST TRANSACTION
control field 20251108165320.0
008 - FIXED-LENGTH DATA ELEMENTS--GENERAL INFORMATION
fixed length control field 250721s2004 xx 000 0 ara d
020 ## - INTERNATIONAL STANDARD BOOK NUMBER
International Standard Book Number 9773422003
082 14 - DEWEY DECIMAL CLASSIFICATION NUMBER
Classification number 217/محم
100 1# - MAIN ENTRY--PERSONAL NAME
Personal name محمد، علي جمعة
Relator term مؤلف
245 10 - TITLE STATEMENT
Title المدخل إلى دراسة المذاهب الفقهية /
264 1# - PRODUCTION, PUBLICATION, DISTRIBUTION, MANUFACTURE, AND COPYRIGHT NOTICE
Place of production, publication, distribution, manufacture القاهرة :
Name of producer, publisher, distributor, manufacturer دار السلام،
Date of production, publication, distribution, manufacture, or copyright notice 2004.
300 ## - PHYSICAL DESCRIPTION
Extent 374ص.
650 17 - SUBJECT ADDED ENTRY--TOPICAL TERM
Topical term or geographic name as entry element الفقه الاسلامي
650 17 - SUBJECT ADDED ENTRY--TOPICAL TERM
Topical term or geographic name as entry element المذاهب الدينيه
942 ## - ADDED ENTRY ELEMENTS (KOHA)
Source of classification or shelving scheme Dewey Decimal Classification
Koha item type كتب
المقتنيات
حالة السحب حالة الفقدان مصدر التصنيف حالة التلف غير قابل للإعارة المكتبة الرئيسية المكتبة الحالية موقع الرف تاريخ التزويد الرقم المتسلسل Total Checkouts رقم الإستدعاء الباركود تاريخ آخر ظهور تاريخ الفاتورة نوع المادة (كوها)
    Dewey Decimal Classification     مكتبة ومركز فرح مكتبة ومركز فرح الإعارة 28/07/2025 1287375   217/محم PLD00087531 28/07/2025 28/07/2025 كتب
Implemented & Customized by: BBB with SCIT (Smart Chains for Information Technology)

Powered by Koha